00569nam a2200169Ia 4500008004100000082001800041100001700059245003100076250000600107260003300113300000900146630003100155730003100186942000900217999001900226952015400245100122s9999 xx 000 0 und d b65090a954.04 aMAJUMDAR R C aSTRUGGLE FOR FREEDOM (4/4) a0 bBHARATIYA VIDYA BHAVANc2003 a1144 aSTRUGGLE FOR FREEDOM (4/4) aSTRUGGLE FOR FREEDOM (4/4) cBOOK c379839d379836 00104070aSVPPARLEbSVPPARLEc4-Aprd2008-03-31g525.00l0o65090pSVPPARLE-65090r2010-01-25 00:00:00v525.00w2010-01-25yBOOKz", , General, NA"